=LDR 00000nam 2200000 4500 =001 INLIS000000000036346 =005 20130612142135 =008 ***********************************Ind** =035 ##$$0010-061300000036346 =041 ##$$a Ind =082 ##$$a 658.312 404 =090 ##$$a 658.312 404, Mur w =100 ##$$a Murdoko, E Widiya Hari =245 ##$$a What it takes to be un effective dan actractive treviner = menjadi trainem yang efektif dan menarik, E Widiya Hari merdeka dan fandinand Hindianto =260 ##$$a 2011 $b Jakarta =300 ##$$a 187 hlm, ilus, 23 cm =650 ##$$a Pelatihan personal =700 ##$$a Hindianto, Ferdinand =850 ##$$a NBPNMAT =990 ##$$a 0001/BPAP-NTB/2015